| 000 | 00477nam a2200193Ia 4500 | ||
|---|---|---|---|
| 008 | 180207s9999 xx 000 0 und d | ||
| 020 | _a439388694 | ||
| 050 | _bW285 2001 | ||
| 100 | _aWarnes, Tim | ||
| 245 | _aI can't sleep! / | ||
| 245 | _cTim Warnes. | ||
| 260 | _aNew York : | ||
| 260 | _bScholastic, | ||
| 260 | _c2001 | ||
| 300 | _aunpaged : | ||
| 300 | _bcolor illustration ; | ||
| 300 | _c23cm. | ||
| 500 | _aOriginally published as Can't you sleep, Dotty? | ||
| 999 |
_c355372 _d355372 |
||